004240000a22001210004500090001700000245011400017041001300131700002800144100002500172942001300197773007500210999001700285 aASbSeriadas10aChemical properties of special water drunk by wild spider monkeys (Ateles belzebuth) in La Macarena, Colombia0 aInglés1 aMizuno, Akinori91002511 aIzawa, Kosei9100240 cARTICULO1 tField Studies of Fauna and Flora La Macarena, Colombiaq38-46d1992g4 c16018d16018